[Event "V4 OPEN - International Championship of Slovakia 2
[Site "Banska Stiavnica"]
[Date "2013.07.09"]
[Round "4"]
[Board "76"]
[White "Koval, Maros"]
[Black "Motuzova, Marta"]
[Result "1/2-1/2"]
[WhiteElo "2084"]
[BlackElo "1825"]
[PlyCount "102"]
[EventDate "2013.07.06"]
[EventRounds "9"]
[EventCountry "SVK"]

1. d4 Nf6 2. Nf3 d5 3. Bg5 Ne4 4. Bf4 c6 5. e3 Qb6 6. Qc1 Nd7 7. Bd3 Ndf6 8.
O-O h6 9. c4 dxc4 10. Bxc4 Bf5 11. Ne5 e6 12. f3 Nd6 13. Bb3 Nh5 14. Bg3 Nxg3
15. hxg3 Be7 16. Nc3 f6 17. Nc4 Qc7 18. e4 Bg6 19. Ne3 Bf7 20. d5 Qd7 21. dxc6
bxc6 22. Na4 O-O 23. Qc2 Nb7 24. Rfd1 Qc7 25. Rac1 Na5 26. Nf1 Nxb3 27. Qxb3
Rfd8 28. Rxd8+ Rxd8 29. Qc2 Rc8 30. Nc5 Qb6 31. b3 e5 32. Kh2 Qxc5 33. Qxc5
Bxc5 34. Rxc5 Be8 35. Kg1 Kf7 36. Ne3 Bd7 37. Kf2 Ke7 38. b4 Rb8 39. a3 Rb5 40.
Ke2 Kd6 41. Rc2 Be6 42. Kd3 a5 43. Nc4+ Bxc4+ 44. Kxc4 axb4 45. axb4 Rb7 46.
Ra2 Kc7 47. Ra6 Kd7 48. Ra8 Kd6 49. Ra5 Rc7 50. f4 Rb7 51. Ra6 Kc7 1/2-1/2

[Event "V4 OPEN - International Championship of Slovakia 2
[Site "Banska Stiavnica"]
[Date "2013.07.09"]
[Round "4"]
[Board "77"]
[White "Marczuk, Anna"]
[Black "Harvan, Richard"]
[Result "1/2-1/2"]
[WhiteElo "1778"]
[BlackElo "2054"]
[PlyCount "86"]
[EventDate "2013.07.06"]
[EventRounds "9"]
[EventCountry "SVK"]

1. e4 c5 2. Nf3 d6 3. d4 cxd4 4. Nxd4 Nf6 5. Nc3 Nc6 6. Bg5 Bd7 7. Qd2 Rc8 8.
Be2 Nxd4 9. Qxd4 Qa5 10. Bd2 a6 11. O-O Qc5 12. Qd3 g6 13. Kh1 Bg7 14. f4 O-O
15. Qg3 b5 16. a3 Be6 17. Bd3 Bc4 18. Rae1 a5 19. Qh4 b4 20. axb4 axb4 21. Nb1
Bxd3 22. cxd3 Qb5 23. Rf3 Rc5 24. f5 Rc2 25. b3 Qc5 26. Rh3 Rc8 27. Be3 Qc6 28.
Bg5 h5 29. fxg6 fxg6 30. Rf3 Rf8 31. Qg3 Qe8 32. e5 dxe5 33. Qxe5 Ng4 34. Qe6+
Kh7 35. Nd2 Nf2+ 36. Kg1 Ng4 37. Bxe7 Bd4+ 38. Kh1 Rxf3 39. Nxf3 Nf2+ 40. Kg1
Nh3+ 41. Kh1 Nf2+ 42. Kg1 Nh3+ 43. Kh1 Nf2+ 1/2-1/2

[Event "V4 OPEN - International Championship of Slovakia 2
[Site "Banska Stiavnica"]
[Date "2013.07.09"]
[Round "4"]
[Board "78"]
[White "Pereszlenyi, Gejza"]
[Black "Piovar, Jaroslav"]
[Result "1-0"]
[WhiteElo "2021"]
[BlackElo "1564"]
[PlyCount "91"]
[EventDate "2013.07.06"]
[EventRounds "9"]
[EventCountry "SVK"]

1. c4 e6 2. g3 d5 3. cxd5 exd5 4. Bg2 c5 5. Nf3 Nc6 6. O-O Nf6 7. d4 c4 8. Nc3
Be7 9. Bg5 h6 10. Bxf6 Bxf6 11. e3 O-O 12. b3 cxb3 13. Qxb3 Na5 14. Qxd5 Be6
15. Qxd8 Raxd8 16. Nd2 Rc8 17. Rfc1 Be7 18. Nd5 Bd8 19. Rxc8 Bxc8 20. Nb3 Be6
21. Nxa5 Bxa5 22. Ne7+ Kh8 23. Bxb7 Re8 24. Nc6 Bb6 25. Ne5 Re7 26. Bf3 Rc7 27.
Bd1 Ba5 28. Bb3 Bxb3 29. axb3 Bb6 30. Nc4 f6 31. Ra6 Rb7 32. Nxb6 axb6 33. Kg2
Kg8 34. Kf3 Kf7 35. Ke4 Ke7 36. b4 b5 37. d5 g6 38. Kd4 Rb8 39. Re6+ Kf7 40.
Rc6 Ke7 41. Kc5 Rb7 42. e4 g5 43. f4 g4 44. e5 fxe5 45. fxe5 h5 46. Rh6 1-0

[Event "V4 OPEN - International Championship of Slovakia 2
[Site "Banska Stiavnica"]
[Date "2013.07.09"]
[Round "4"]
[Board "80"]
[White "Miklasova, Emma"]
[Black "Hlavac, Peter"]
[Result "0-1"]
[WhiteElo "1601"]
[BlackElo "1999"]
[PlyCount "106"]
[EventDate "2013.07.06"]
[EventRounds "9"]
[EventCountry "SVK"]

1. e4 e6 2. Qe2 c5 3. Nf3 Nc6 4. g3 g6 5. Bg2 Bg7 6. O-O Nge7 7. Nc3 a6 8. b3
O-O 9. Bb2 d5 10. exd5 exd5 11. Na4 Bxb2 12. Nxb2 Qd6 13. Qe3 Nf5 14. Qe2 Bd7
15. d3 Rfe8 16. Qd2 b5 17. Rfe1 Qf6 18. Rab1 Rad8 19. a4 b4 20. Nd1 Rxe1+ 21.
Qxe1 Re8 22. Qd2 d4 23. Nb2 Ne5 24. Nxe5 Qxe5 25. Nc4 Qc7 26. Re1 Be6 27. Bd5
Ng7 28. Bxe6 Rxe6 29. Rxe6 Nxe6 30. Qh6 f5 31. f4 Qg7 32. Qxg7+ Kxg7 33. Ne5
Kf6 34. Nd7+ Ke7 35. Nb8 Nc7 36. Nc6+ Kd6 37. Ne5 Nd5 38. Nf3 Ne3 39. Ne1 h6
40. h3 g5 41. fxg5 hxg5 42. Kf2 Ke5 43. Kf3 g4+ 44. hxg4 Nxg4 45. Kg2 Kf6 46.
Kf3 Kg5 47. Kg2 Ne3+ 48. Kf3 a5 49. Ke2 Kg4 50. Kf2 f4 51. gxf4 Kxf4 52. Kg1
Kg3 53. Kh1 Kf2 0-1

[Event "V4 OPEN - International Championship of Slovakia 2
[Site "Banska Stiavnica"]
[Date "2013.07.09"]
[Round "4"]
[Board "81"]
[White "Gregusova, Katarina"]
[Black "Surka, Marian"]
[Result "0-1"]
[WhiteElo "1544"]
[BlackElo "1746"]
[PlyCount "68"]
[EventDate "2013.07.06"]
[EventRounds "9"]
[EventCountry "SVK"]

1. d4 d5 2. e3 Nc6 3. c4 e6 4. Nf3 Nf6 5. b3 Bd6 6. Bb2 Qe7 7. c5 Bxc5 8. dxc5
Qxc5 9. Be2 Bd7 10. O-O O-O-O 11. Nc3 e5 12. Na4 Qd6 13. Qc1 Ng4 14. Nd2 h5 15.
Qc5 Qg6 16. f3 Nf6 17. Bb5 Bh3 18. Rf2 Nd7 19. Qc3 d4 20. exd4 Nxd4 21. Bd3 f5
22. Rc1 c6 23. Kf1 Bg4 24. fxg4 hxg4 25. g3 Nf6 26. Ke1 e4 27. Bc2 e3 28. Qxe3
Rhe8 29. Be4 Nxe4 30. Qf4 Nxd2+ 31. Kd1 N4f3 32. Kc2 Qh7 33. Qb4 f4+ 34. Kd1
Re1# 0-1

[Event "V4 OPEN - International Championship of Slovakia 2
[Site "Banska Stiavnica"]
[Date "2013.07.09"]
[Round "4"]
[Board "82"]
[White "Brnusak, Andrej"]
[Black "Hudec, Timotej"]
[Result "1/2-1/2"]
[WhiteElo "1566"]
[BlackElo "1644"]
[PlyCount "90"]
[EventDate "2013.07.06"]
[EventRounds "9"]
[EventCountry "SVK"]

1. e4 e5 2. Nf3 Nc6 3. Bb5 a6 4. Bxc6 dxc6 5. d4 exd4 6. Qxd4 Bg4 7. Qe3 Be7 8.
O-O Nf6 9. Nbd2 O-O 10. b3 Re8 11. Bb2 b6 12. Ne5 Qd6 13. Ndc4 Qe6 14. Nxg4
Nxg4 15. Qe2 Bc5 16. Kh1 b5 17. Nd2 Rad8 18. h3 Nf6 19. e5 Nd5 20. Qf3 Nb4 21.
Qc3 Bd4 22. Qxb4 Bxb2 23. Rab1 Qxe5 24. Nf3 Qc3 25. Qxc3 Bxc3 26. Rbd1 Rd6 27.
Rxd6 cxd6 28. Rd1 Rd8 29. Nd4 c5 30. Nc6 Rd7 31. Nb8 Rd8 32. Nxa6 Bd4 33. Nc7
b4 34. Nb5 Be5 35. a3 bxa3 36. Nxa3 Kf8 37. Nc4 f6 38. Nxe5 fxe5 39. g3 Ke7 40.
Kg2 Kf6 41. Kf3 d5 42. c4 d4 43. Ke4 Ke6 44. f3 Rb8 45. Rb1 Rb7 1/2-1/2

[Event "V4 OPEN - International Championship of Slovakia 2
[Site "Banska Stiavnica"]
[Date "2013.07.09"]
[Round "4"]
[Board "83"]
[White "Kahancova, Jana"]
[Black "Hurton, Dusan"]
[Result "1-0"]
[WhiteElo "1636"]
[BlackElo "1471"]
[PlyCount "91"]
[EventDate "2013.07.06"]
[EventRounds "9"]
[EventCountry "SVK"]

1. e4 e6 2. d4 d5 3. exd5 exd5 4. Bd3 Nf6 5. Bg5 Be7 6. Nd2 O-O 7. Ngf3 Bg4 8.
O-O Nbd7 9. Re1 Re8 10. Qc1 c6 11. c3 Qc7 12. Qc2 Bd6 13. h3 Bh5 14. b3 Bf4 15.
Bf5 h6 16. Bxf4 Qxf4 17. g3 Qd6 18. g4 Bg6 19. Bxg6 fxg6 20. Qxg6 Rf8 21. Ne5
Rae8 22. Ndf3 Ne4 23. Qxd6 Nxd6 24. Re3 Nf6 25. Nd2 Nde4 26. Nxe4 Nxe4 27. f3
Ng5 28. Kg2 Re6 29. Rae1 Rfe8 30. h4 Nf7 31. Kf2 Nxe5 32. Rxe5 Kf7 33. f4 R6e7
34. Kf3 Re6 35. f5 R6e7 36. Kf4 Kf8 37. g5 Kf7 38. Rxe7+ Rxe7 39. Rxe7+ Kxe7
40. Ke5 h5 41. c4 dxc4 42. bxc4 a5 43. d5 b5 44. cxb5 cxb5 45. d6+ Kd7 46. f6
1-0

[Event "V4 OPEN - International Championship of Slovakia 2
[Site "Banska Stiavnica"]
[Date "2013.07.09"]
[Round "4"]
[Board "84"]
[White "Sedlacek, Richard"]
[Black "Uhrin, Milan"]
[Result "0-1"]
[WhiteElo "1628"]
[BlackElo "1394"]
[PlyCount "52"]
[EventDate "2013.07.06"]
[EventRounds "9"]
[EventCountry "SVK"]

1. e4 e5 2. Bc4 Nf6 3. d3 Nc6 4. Nf3 d6 5. Ng5 d5 6. Bb3 h6 7. Nf3 dxe4 8. O-O
exf3 9. Qxf3 Bg4 10. Qg3 Qd6 11. f4 h5 12. Re1 Qc5+ 13. Kh1 Bd6 14. h4 O-O 15.
Nc3 exf4 16. Bxf4 Nd4 17. Ne4 Nxe4 18. Rxe4 Ne2 19. Qh2 Bxf4 20. Rxf4 Nxf4 21.
Qxf4 Rae8 22. d4 Qd6 23. Qd2 Qf6 24. Kg1 Re2 25. Qd3 Qf2+ 26. Kh1 Qxg2# 0-1

[Event "V4 OPEN - International Championship of Slovakia 2
[Site "Banska Stiavnica"]
[Date "2013.07.09"]
[Round "4"]
[Board "85"]
[White "Zicho, Tony"]
[Black "Grega, Jaroslav"]
[Result "0-1"]
[WhiteElo "1618"]
[BlackElo "1257"]
[PlyCount "0"]
[EventDate "2013.07.06"]
[EventRounds "9"]
[EventCountry "SVK"]

1. e4 {[%clk 1:15:52]} e5 {[%clk 1:21:29]} 2. Nf3 {[%clk 1:16:01]} Nf6
{[%clk 1:20:13]} 3. Nxe5 {[%clk 1:14:39]} Nxe4 {[%clk 1:19:03]} 4. Qe2
{[%clk 1:12:36]} Qe7 {[%clk 1:17:23]} 5. d4 {[%clk 1:05:22]} f5 {[%clk 1:15:12]}
6. Be3 {[%clk 1:02:56]} Nf6 {[%clk 1:14:13]} 7. Qc4 {[%clk 1:00:34]} d6
{[%clk 1:12:25]} 8. Nd3 {[%clk 0:58:01]} Nbd7 {[%clk 1:12:50]} 9. Qxc7
{[%clk 0:45:14]} Nd5 {[%clk 1:12:14]} 10. Qc4 {[%clk 0:39:56]} N7b6
{[%clk 1:09:40]} 11. Qb3 {[%clk 0:37:12]} f4 {[%clk 1:09:56]} 12. Nxf4
{[%clk 0:35:10]} Nxf4 13. g3 Ne6 {[%clk 1:04:53]} 14. Be2 {[%clk 0:30:26]} Bd7
{[%clk 1:04:20]} 15. Nc3 {[%clk 0:29:16]} Nc7 {[%clk 0:52:29]} 16. O-O-O
{[%clk 0:27:11]} O-O-O {[%clk 0:45:18]} 17. h4 {[%clk 0:23:30]} d5
{[%clk 0:43:34]} 18. a3 {[%clk 0:21:41]} Kb8 {[%clk 0:42:38]} 19. Bg5 Qe8
{[%clk 0:43:05]} 20. Bxd8 {[%clk 0:21:34]} Qxd8 {[%clk 0:42:31]} 21. f4
{[%clk 0:15:23]} Be7 {[%clk 0:42:01]} 22. Bd3 {[%clk 0:14:54]} Bf6
{[%clk 0:42:09]} 23. Ne2 {[%clk 0:13:46]} Bg4 {[%clk 0:41:31]} 24. c3
{[%clk 0:12:18]} Re8 {[%clk 0:40:19]} 25. Qc2 Nc4 {[%clk 0:40:47]} 26. Bxc4
{[%clk 0:11:05]} dxc4 {[%clk 0:38:34]} 27. Rde1 {[%clk 0:09:20]} Qe7
{[%clk 0:38:48]} 28. Rh2 {[%clk 0:08:18]} Qe3+ {[%clk 0:35:35]} 29. Qd2
{[%clk 0:03:55]} Qd3 {[%clk 0:35:52]} 30. Qc2 Bf5 31. Qxd3 {[%clk 0:02:53]} cxd3
{[%clk 0:36:20]} 32. Kd2 {[%clk 0:03:32]} dxe2 33. Rhxe2 {[%clk 0:04:01]} Rxe2+
{[%clk 0:36:12]} 34. Rxe2 {[%clk 0:03:35]} Bg4 {[%clk 0:36:05]} 35. Re1
{[%clk 0:02:42]} h6 {[%clk 0:36:22]} 36. Kd3 {[%clk 0:02:26]} g5 {[%clk 0:36:35]}
37. hxg5 hxg5 {[%clk 0:36:41]} 38. Ke4 {[%clk 0:02:26]} gxf4 39. gxf4 Be6
{[%clk 0:34:50]} 40. f5 {[%clk 0:01:41]} Bd5+ {[%clk 0:35:26]} 41. Kd3
{[%clk 0:01:35]} Kc8 {[%clk 0:35:32]} 42. c4 {[%clk 0:01:39]} Bc6
{[%clk 0:35:39]} 43. b3 {[%clk 0:29:51]} Kd8 {[%clk 1:05:19]} 44. d5
{[%clk 0:29:49]} Bd7 {[%clk 1:05:33]} 45. Ke4 {[%clk 0:27:56]} Ne8
{[%clk 1:05:33]} 46. c5 {[%clk 0:28:23]} Ng7 {[%clk 1:03:34]} 47. Rf1
{[%clk 0:27:50]} Bb5 {[%clk 1:03:28]} 48. Rf3 {[%clk 0:27:16]} Be2
{[%clk 1:02:46]} 49. Rg3 {[%clk 0:26:41]} Kd7 {[%clk 1:02:53]} 50. Rg2
{[%clk 0:26:10]} Bd1 {[%clk 1:02:49]} 51. b4 {[%clk 0:24:40]} Bb3
{[%clk 1:03:05]} 52. Rg3 {[%clk 0:24:00]} Bc2+ {[%clk 1:02:25]} 53. Kf4
{[%clk 0:23:57]} Nh5+ 54. Kf3 {[%clk 0:23:57]} Nxg3 55. Kxg3 Bxf5
{[%clk 1:01:42]} 56. Kf4 {[%clk 0:24:16]} Bc2 {[%clk 1:02:00]} 57. Ke3
{[%clk 0:24:45]} Bb2 58. Kd2 Bb3 {[%clk 1:00:13]} 0-1

[Event "V4 OPEN - International Championship of Slovakia 2
[Site "Banska Stiavnica"]
[Date "2013.07.09"]
[Round "4"]
[Board "86"]
[White "Jancsy, Peter"]
[Black "Rendla, Karol"]
[Result "1-0"]
[WhiteElo "1613"]
[BlackElo "1453"]
[PlyCount "69"]
[EventDate "2013.07.06"]
[EventRounds "9"]
[EventCountry "SVK"]

1. e4 e5 2. Bc4 Nf6 3. Nc3 Bc5 4. h3 O-O 5. Nf3 d6 6. d3 h6 7. O-O a6 8. a4 Be6
9. Bxe6 fxe6 10. d4 exd4 11. Nxd4 Bxd4 12. Qxd4 e5 13. Qc4+ Kh8 14. Bd2 Nc6 15.
Nd5 Nxd5 16. exd5 Nd4 17. Be3 b5 18. axb5 axb5 19. Rxa8 Qxa8 20. Qxc7 Ne2+ 21.
Kh2 Qxd5 22. Re1 Nf4 23. Bxf4 Rxf4 24. f3 Rc4 25. Qd8+ Kh7 26. c3 Qd2 27. Rg1
b4 28. Qd7 Rf4 29. cxb4 Qxb4 30. Rd1 Rd4 31. Qf5+ Kg8 32. Rc1 g5 33. Rc8+ Kg7
34. Rc7+ Kh8 35. Qf8# 1-0

[Event "V4 OPEN - International Championship of Slovakia 2
[Site "Banska Stiavnica"]
[Date "2013.07.10"]
[Round "5"]
[Board "1"]
[White "Likavsky, Tomas"]
[Black "Banusz, Tamas"]
[Result "0-1"]
[WhiteElo "2458"]
[BlackElo "2588"]
[PlyCount "0"]
[EventDate "2013.07.06"]
[EventRounds "9"]
[EventCountry "SVK"]

1. d4 {[%clk 1:30:49]} d5 {[%clk 1:30:57]} 2. c4 {[%clk 1:31:14]} c6
{[%clk 1:31:18]} 3. Nf3 {[%clk 1:31:27]} Nf6 {[%clk 1:31:37]} 4. e3
{[%clk 1:31:52]} Bf5 {[%clk 1:31:59]} 5. Nc3 {[%clk 1:32:11]} e6 {[%clk 1:32:19]}
6. Nh4 {[%clk 1:32:34]} Bg6 {[%clk 1:32:42]} 7. Nxg6 {[%clk 1:32:59]} hxg6
{[%clk 1:33:08]} 8. Bd3 {[%clk 1:33:24]} Nbd7 {[%clk 1:33:21]} 9. O-O
{[%clk 1:33:46]} Bd6 {[%clk 1:33:28]} 10. h3 {[%clk 1:33:48]} O-O
{[%clk 1:33:12]} 11. Bd2 {[%clk 1:29:45]} dxc4 {[%clk 1:33:20]} 12. Bxc4
{[%clk 1:30:10]} Qe7 {[%clk 1:33:24]} 13. Qc2 {[%clk 1:28:17]} Rac8
{[%clk 1:33:18]} 14. Rfd1 {[%clk 1:27:06]} c5 {[%clk 1:32:51]} 15. dxc5
{[%clk 1:27:26]} Nxc5 {[%clk 1:32:56]} 16. Be1 {[%clk 1:25:33]} a6
{[%clk 1:32:43]} 17. a3 {[%clk 1:13:44]} b5 {[%clk 1:31:18]} 18. Bf1
{[%clk 1:01:30]} Be5 {[%clk 1:28:50]} 19. Rac1 {[%clk 0:55:32]} Qb7
{[%clk 1:15:27]} 20. Qb1 {[%clk 0:52:55]} Na4 {[%clk 1:01:20]} 21. Nxa4
{[%clk 0:51:19]} bxa4 {[%clk 1:01:47]} 22. Bb4 {[%clk 0:51:22]} Rfe8
{[%clk 1:00:33]} 23. Rxc8 {[%clk 0:49:29]} Rxc8 {[%clk 1:00:16]} 24. Rc1
{[%clk 0:49:21]} Rxc1 {[%clk 0:59:06]} 25. Qxc1 {[%clk 0:49:46]} Nd5
{[%clk 0:59:24]} 26. Bc5 {[%clk 0:42:58]} Qc6 {[%clk 0:51:35]} 27. e4
{[%clk 0:32:44]} Nc7 {[%clk 0:48:53]} 28. Be3 {[%clk 0:26:45]} Qxe4
{[%clk 0:47:52]} 29. Qd2 {[%clk 0:24:11]} Kh7 {[%clk 0:35:36]} 30. Qd7
{[%clk 0:20:21]} Nd5 {[%clk 0:34:41]} 31. Bc5 {[%clk 0:15:40]} Qc2
{[%clk 0:31:36]} 32. Bf8 {[%clk 0:12:51]} Kg8 {[%clk 0:27:16]} 33. Qd8
{[%clk 0:10:45]} Qc7 {[%clk 0:20:11]} 34. Qe8 {[%clk 0:09:38]} Nf6
{[%clk 0:18:15]} 35. Qa8 {[%clk 0:10:02]} Kh7 {[%clk 0:18:18]} 36. Qxa6
{[%clk 0:09:01]} Ne4 {[%clk 0:16:43]} 37. Qe2 {[%clk 0:09:29]} Bh2+
{[%clk 0:16:10]} 38. Kh1 {[%clk 0:09:42]} Qf4 {[%clk 0:16:23]} 39. Qxe4
{[%clk 0:04:32]} Qxe4 {[%clk 0:16:44]} 40. Kxh2 {[%clk 0:05:00]} Qd4
{[%clk 0:16:03]} 0-1

[Event "V4 OPEN - International Championship of Slovakia 2
[Site "Banska Stiavnica"]
[Date "2013.07.10"]
[Round "5"]
[Board "2"]
[White "Bokros, Albert"]
[Black "Michalik, Peter"]
[Result "1/2-1/2"]
[WhiteElo "2439"]
[BlackElo "2579"]
[PlyCount "0"]
[EventDate "2013.07.06"]
[EventRounds "9"]
[EventCountry "SVK"]

1. e4 {[%clk 1:30:51]} e5 {[%clk 1:30:56]} 2. Nf3 {[%clk 1:30:47]} Nc6
{[%clk 1:31:20]} 3. Bb5 {[%clk 1:31:08]} g6 {[%clk 1:31:42]} 4. c3
{[%clk 1:27:34]} Bg7 {[%clk 1:32:04]} 5. d4 {[%clk 1:27:14]} exd4
{[%clk 1:32:15]} 6. cxd4 {[%clk 1:27:27]} a6 {[%clk 1:32:08]} 7. Ba4
{[%clk 1:24:27]} b5 {[%clk 1:31:24]} 8. Bb3 {[%clk 1:23:14]} Nge7
{[%clk 1:31:16]} 9. d5 {[%clk 1:22:20]} Na5 {[%clk 1:31:31]} 10. Bd2
{[%clk 1:20:45]} c5 {[%clk 1:20:17]} 11. d6 {[%clk 1:12:07]} Nec6
{[%clk 1:20:34]} 12. Bg5 {[%clk 1:09:49]} f6 {[%clk 1:13:39]} 13. Be3
{[%clk 1:07:22]} c4 {[%clk 1:13:33]} 14. Bc2 {[%clk 1:07:32]} Nb4
{[%clk 1:06:26]} 15. Nc3 {[%clk 0:59:38]} Nxc2+ {[%clk 1:06:45]} 16. Qxc2
{[%clk 0:59:59]} Bb7 {[%clk 1:07:09]} 17. O-O {[%clk 0:53:20]} O-O
{[%clk 1:07:20]} 1/2-1/2

[Event "V4 OPEN - International Championship of Slovakia 2
[Site "Banska Stiavnica"]
[Date "2013.07.10"]
[Round "5"]
[Board "3"]
[White "Kocetkova, Julia"]
[Black "Leniart, Arkadiusz"]
[Result "1/2-1/2"]
[WhiteElo "2328"]
[BlackElo "2473"]
[PlyCount "0"]
[EventDate "2013.07.06"]
[EventRounds "9"]
[EventCountry "SVK"]

1. Nf3 {[%clk 1:30:57]} f5 {[%clk 1:29:24]} 2. d4 {[%clk 1:30:10]} Nf6
{[%clk 1:29:46]} 3. g3 {[%clk 1:30:27]} g6 {[%clk 1:30:12]} 4. Bg2
{[%clk 1:30:31]} Bg7 {[%clk 1:30:37]} 5. O-O {[%clk 1:30:12]} O-O
{[%clk 1:31:01]} 6. c4 {[%clk 1:30:26]} d6 {[%clk 1:29:30]} 7. Nc3
{[%clk 1:28:25]} Nc6 {[%clk 1:26:40]} 8. d5 {[%clk 1:22:32]} Na5 {[%clk 1:27:01]}
9. Qd3 {[%clk 1:01:38]} e5 {[%clk 1:19:42]} 10. dxe6 {[%clk 0:57:36]} Bxe6
{[%clk 1:17:28]} 11. Nd5 {[%clk 0:51:26]} Ne4 {[%clk 1:14:27]} 12. Nd2
{[%clk 0:31:08]} Nc5 {[%clk 1:10:21]} 13. Qc2 {[%clk 0:30:13]} Nc6
{[%clk 1:05:12]} 14. Nb3 {[%clk 0:27:44]} Nxb3 {[%clk 1:01:45]} 15. Qxb3
{[%clk 0:28:12]} Na5 {[%clk 1:00:07]} 16. Qa4 {[%clk 0:24:45]} Nc6
{[%clk 0:55:04]} 17. Qb3 {[%clk 0:23:52]} Rb8 {[%clk 0:50:41]} 18. Bd2
{[%clk 0:22:34]} Nd4 {[%clk 0:48:14]} 19. Qd3 {[%clk 0:22:22]} Nc6
{[%clk 0:45:53]} 20. Qc2 {[%clk 0:21:55]} Nd4 {[%clk 0:37:35]} 21. Qd3
{[%clk 0:22:19]} Nc6 {[%clk 0:37:44]} 22. Qc2 {[%clk 0:22:44]} Nd4 1/2-1/2

[Event "V4 OPEN - International Championship of Slovakia 2
[Site "Banska Stiavnica"]
[Date "2013.07.10"]
[Round "5"]
[Board "4"]
[White "Markos, Jan"]
[Black "Petran, Peter"]
[Result "1-0"]
[WhiteElo "2580"]
[BlackElo "2324"]
[PlyCount "0"]
[EventDate "2013.07.06"]
[EventRounds "9"]
[EventCountry "SVK"]

1. d4 {[%clk 1:30:58]} g6 {[%clk 1:30:46]} 2. c4 {[%clk 1:31:21]} Bg7
{[%clk 1:31:10]} 3. e4 {[%clk 1:31:46]} d6 {[%clk 1:30:43]} 4. Nf3
{[%clk 1:30:12]} Bg4 {[%clk 1:30:54]} 5. Be2 {[%clk 1:30:09]} Nc6
{[%clk 1:30:58]} 6. Be3 {[%clk 1:29:17]} Bxf3 {[%clk 1:30:57]} 7. Bxf3
{[%clk 1:29:41]} e5 {[%clk 1:31:21]} 8. d5 {[%clk 1:29:53]} Nd4 {[%clk 1:31:43]}
9. Nc3 {[%clk 1:29:28]} Ne7 {[%clk 1:31:03]} 10. h4 {[%clk 1:13:16]} c5
{[%clk 1:27:01]} 11. h5 {[%clk 1:12:50]} Qd7 {[%clk 1:26:17]} 12. h6
{[%clk 1:12:16]} Bf8 {[%clk 1:25:15]} 13. Bg4 {[%clk 1:04:12]} f5
{[%clk 1:22:26]} 14. Bh3 {[%clk 1:04:08]} Ng8 {[%clk 0:58:55]} 15. exf5
{[%clk 0:50:25]} Nxf5 {[%clk 0:58:59]} 16. Ne4 {[%clk 0:47:22]} O-O-O
{[%clk 0:52:54]} 17. g4 {[%clk 0:37:02]} Nxe3 {[%clk 0:52:59]} 18. fxe3
{[%clk 0:37:27]} Kb8 {[%clk 0:47:42]} 19. g5 {[%clk 0:37:41]} Qc7
{[%clk 0:47:53]} 20. Be6 {[%clk 0:31:51]} Ne7 {[%clk 0:47:44]} 21. O-O
{[%clk 0:30:14]} Nf5 {[%clk 0:45:31]} 22. Bxf5 {[%clk 0:30:38]} gxf5
{[%clk 0:45:56]} 23. Rxf5 {[%clk 0:31:03]} Be7 {[%clk 0:41:52]} 24. Qh5
{[%clk 0:29:06]} Rdf8 {[%clk 0:40:41]} 25. Rxf8+ {[%clk 0:23:09]} Rxf8
{[%clk 0:40:51]} 26. Rf1 {[%clk 0:23:32]} Rg8 {[%clk 0:40:06]} 27. Rf7
{[%clk 0:20:35]} Qd8 {[%clk 0:35:40]} 28. Rg7 {[%clk 0:20:36]} Rh8
{[%clk 0:35:15]} 29. Qf7 {[%clk 0:19:23]} 1-0

[Event "V4 OPEN - International Championship of Slovakia 2
[Site "Banska Stiavnica"]
[Date "2013.07.10"]
[Round "5"]
[Board "5"]
[White "Pacher, Milan"]
[Black "Gunajew, Rafal"]
[Result "1-0"]
[WhiteElo "2455"]
[BlackElo "2294"]
[PlyCount "0"]
[EventDate "2013.07.06"]
[EventRounds "9"]
[EventCountry "SVK"]

1. e4 {[%clk 1:30:58]} c5 {[%clk 1:30:46]} 2. Nf3 {[%clk 1:31:23]} d6
{[%clk 1:31:09]} 3. d4 {[%clk 1:31:49]} cxd4 {[%clk 1:31:33]} 4. Nxd4
{[%clk 1:32:15]} Nf6 {[%clk 1:31:56]} 5. Nc3 {[%clk 1:32:39]} a6 {[%clk 1:32:22]}
6. Be3 {[%clk 1:33:02]} e5 {[%clk 1:31:07]} 7. Nb3 {[%clk 1:33:26]} Be6
{[%clk 1:31:29]} 8. f3 {[%clk 1:33:50]} Be7 {[%clk 1:31:43]} 9. Qd2
{[%clk 1:34:16]} O-O {[%clk 1:29:12]} 10. O-O-O {[%clk 1:34:37]} Nbd7
{[%clk 1:28:00]} 11. g4 {[%clk 1:34:57]} b5 {[%clk 1:27:35]} 12. Rg1
{[%clk 1:35:16]} Nb6 {[%clk 1:24:27]} 13. g5 {[%clk 1:32:04]} Nfd7
{[%clk 1:24:17]} 14. Na5 {[%clk 1:29:36]} Qc7 {[%clk 1:23:44]} 15. Nd5
{[%clk 1:26:56]} Nxd5 {[%clk 1:19:46]} 16. exd5 {[%clk 1:27:21]} Bf5
{[%clk 1:19:50]} 17. Nc6 {[%clk 1:25:28]} Rfe8 {[%clk 1:19:18]} 18. Bd3
{[%clk 1:24:29]} Bxd3 {[%clk 1:18:45]} 19. Qxd3 {[%clk 1:22:37]} Rac8
{[%clk 1:18:37]} 20. h4 {[%clk 1:19:00]} Nb6 {[%clk 1:18:19]} 21. Bxb6
{[%clk 1:10:09]} Qxb6 {[%clk 1:18:44]} 22. Qf5 {[%clk 1:10:19]} Bf8
{[%clk 1:18:36]} 23. h5 {[%clk 1:10:14]} e4 {[%clk 1:12:38]} 24. fxe4
{[%clk 1:05:30]} Qe3+ {[%clk 1:12:48]} 25. Kb1 {[%clk 1:05:56]} Qxe4
{[%clk 1:13:08]} 26. Qd7 {[%clk 1:05:58]} Qh4 {[%clk 1:08:23]} 27. h6
{[%clk 0:55:46]} Qh5 {[%clk 1:08:34]} 28. g6 {[%clk 0:55:12]} fxg6
{[%clk 0:56:30]} 29. hxg7 {[%clk 0:55:25]} Bxg7 {[%clk 0:56:30]} 30. Ne7+
{[%clk 0:55:45]} Rxe7 {[%clk 0:55:58]} 31. Qxc8+ {[%clk 0:56:10]} Kf7
{[%clk 0:56:04]} 32. Rdf1+ {[%clk 0:56:21]} 1-0

[Event "V4 OPEN - International Championship of Slovakia 2
[Site "Banska Stiavnica"]
[Date "2013.07.10"]
[Round "5"]
[Board "7"]
[White "Korpa, Bence"]
[Black "Fodor, Tamas Jr."]
[Result "1/2-1/2"]
[WhiteElo "2308"]
[BlackElo "2455"]
[PlyCount "0"]
[EventDate "2013.07.06"]
[EventRounds "9"]
[EventCountry "SVK"]

1. e4 {[%clk 1:30:58]} e5 {[%clk 1:30:56]} 2. Nf3 {[%clk 1:31:20]} Nc6
{[%clk 1:31:20]} 3. Bb5 {[%clk 1:31:43]} Nf6 {[%clk 1:31:44]} 4. O-O
{[%clk 1:32:01]} Nxe4 {[%clk 1:32:10]} 5. Re1 {[%clk 1:32:18]} Nd6
{[%clk 1:32:34]} 6. Nxe5 {[%clk 1:32:28]} Nxe5 {[%clk 1:31:33]} 7. Rxe5+
{[%clk 1:32:49]} Be7 {[%clk 1:32:00]} 8. Bf1 {[%clk 1:32:59]} O-O
{[%clk 1:32:23]} 9. d4 {[%clk 1:33:16]} Bf6 {[%clk 1:32:30]} 10. Re1
{[%clk 1:33:38]} Re8 {[%clk 1:32:20]} 11. c3 {[%clk 1:33:53]} Rxe1
{[%clk 1:30:18]} 12. Qxe1 {[%clk 1:34:15]} Qe8 {[%clk 1:30:34]} 13. Qxe8+
{[%clk 1:33:09]} Nxe8 {[%clk 1:30:59]} 14. Bf4 {[%clk 1:33:17]} d5
{[%clk 1:31:11]} 15. Bd3 {[%clk 1:33:15]} c6 {[%clk 1:31:33]} 16. Nd2
{[%clk 1:33:20]} g6 {[%clk 1:31:55]} 17. Re1 {[%clk 1:32:47]} Ng7
{[%clk 1:32:10]} 18. Be5 {[%clk 1:31:45]} 1/2-1/2